| 000 | 00775nam a2200265Ia 4500 | ||
|---|---|---|---|
| 003 | GCL | ||
| 008 | 140319s9999 xx 000 0 ara d | ||
| 040 |
_aGCL / _cGCL |
||
| 082 | 0 | 4 |
_aد _b050 _bاا |
| 100 | 1 | _aالجامعة العثمانية | |
| 245 | 1 | 0 |
_aالجامعة العثمانية / _cالجامعة العثمانية |
| 260 |
_a[S.N] : _bالجامعة العثمانية |
||
| 300 | _a61 | ||
| 490 |
_aالسلسلة الشعرية _v0 |
||
| 650 | 0 | 4 | _aالتعليم |
| 650 | 0 | 4 | _aالتربية |
| 650 | 0 | 4 | _aالادب |
| 650 | 0 | 4 | _aالمرأة |
| 650 | 0 | 4 | _aالسياسة |
| 650 | 0 | 4 | _aالسياسة الخارجية |
| 650 | 0 | 4 | _aالشعر |
| 650 | 0 | 4 | _aالعائلة |
| 650 | 0 | 4 | _aالسياسة الداخلية |
| 942 |
_2ddc _cCF |
||
| 999 |
_c27069 _d27069 |
||